<?xml version="1.0" encoding="UTF-8"?>
<record
    xmlns:xsi="http://www.w3.org/2001/XMLSchema-instance"
    xsi:schemaLocation="http://www.loc.gov/MARC21/slim http://www.loc.gov/standards/marcxml/schema/MARC21slim.xsd"
    xmlns="http://www.loc.gov/MARC21/slim">

  <leader>00729nam a2200253Ia 4500</leader>
  <controlfield tag="008">220501s2018    xx            000 0 eng d</controlfield>
  <datafield tag="020" ind1=" " ind2=" ">
    <subfield code="a">9789332568853</subfield>
  </datafield>
  <datafield tag="082" ind1=" " ind2=" ">
    <subfield code="a">658.403 REN-Q</subfield>
  </datafield>
  <datafield tag="100" ind1=" " ind2=" ">
    <subfield code="a">Render, Barry</subfield>
  </datafield>
  <datafield tag="245" ind1=" " ind2="0">
    <subfield code="a">Quantitative analysis for management</subfield>
    <subfield code="c">Barry Render ... [et al.]</subfield>
  </datafield>
  <datafield tag="250" ind1=" " ind2=" ">
    <subfield code="a">12th</subfield>
  </datafield>
  <datafield tag="260" ind1=" " ind2=" ">
    <subfield code="a">Noida</subfield>
    <subfield code="b">Pearson</subfield>
    <subfield code="c">2018</subfield>
  </datafield>
  <datafield tag="300" ind1=" " ind2=" ">
    <subfield code="a">xviii, 621p.</subfield>
  </datafield>
  <datafield tag="650" ind1=" " ind2=" ">
    <subfield code="a">Decision making - Mathematical models</subfield>
  </datafield>
  <datafield tag="650" ind1=" " ind2=" ">
    <subfield code="a">Management - Statistical methods</subfield>
  </datafield>
  <datafield tag="650" ind1=" " ind2=" ">
    <subfield code="a">Management science</subfield>
  </datafield>
  <datafield tag="650" ind1=" " ind2=" ">
    <subfield code="a">Operations research</subfield>
  </datafield>
  <datafield tag="650" ind1=" " ind2=" ">
    <subfield code="a">Statistical decision</subfield>
  </datafield>
  <datafield tag="700" ind1=" " ind2=" ">
    <subfield code="a">Badri, T.N.</subfield>
  </datafield>
  <datafield tag="700" ind1=" " ind2=" ">
    <subfield code="a">Hale, Trevor S.</subfield>
  </datafield>
  <datafield tag="700" ind1=" " ind2=" ">
    <subfield code="a">Hanna, Michael E.</subfield>
  </datafield>
  <datafield tag="700" ind1=" " ind2=" ">
    <subfield code="a">Stair, Ralph M.</subfield>
  </datafield>
  <datafield tag="942" ind1=" " ind2=" ">
    <subfield code="2">ddc</subfield>
    <subfield code="c">BK</subfield>
    <subfield code="0">3</subfield>
  </datafield>
  <datafield tag="999" ind1=" " ind2=" ">
    <subfield code="c">18407</subfield>
    <subfield code="d">18407</subfield>
  </datafield>
  <datafield tag="952" ind1=" " ind2=" ">
    <subfield code="0">0</subfield>
    <subfield code="1">0</subfield>
    <subfield code="2">ddc</subfield>
    <subfield code="4">0</subfield>
    <subfield code="7">0</subfield>
    <subfield code="a">SOBD</subfield>
    <subfield code="b">SOBD</subfield>
    <subfield code="d">2019-03-08</subfield>
    <subfield code="e">Vedi Books</subfield>
    <subfield code="g">495.72</subfield>
    <subfield code="o">658.403 REN-Q1</subfield>
    <subfield code="p">000439</subfield>
    <subfield code="r">2022-07-01</subfield>
    <subfield code="t">1</subfield>
    <subfield code="w">2019-03-07</subfield>
    <subfield code="y">REF</subfield>
    <subfield code="k">1173</subfield>
  </datafield>
  <datafield tag="952" ind1=" " ind2=" ">
    <subfield code="0">0</subfield>
    <subfield code="1">0</subfield>
    <subfield code="2">ddc</subfield>
    <subfield code="4">0</subfield>
    <subfield code="7">0</subfield>
    <subfield code="a">SOBD</subfield>
    <subfield code="b">SOBD</subfield>
    <subfield code="d">2019-03-08</subfield>
    <subfield code="e">Vedi Books</subfield>
    <subfield code="g">495.72</subfield>
    <subfield code="l">1</subfield>
    <subfield code="o">658.403 REN-Q2</subfield>
    <subfield code="p">000440</subfield>
    <subfield code="r">2024-04-10</subfield>
    <subfield code="s">2024-03-27</subfield>
    <subfield code="t">2</subfield>
    <subfield code="w">2019-03-07</subfield>
    <subfield code="y">BK</subfield>
    <subfield code="k">1173</subfield>
  </datafield>
  <datafield tag="952" ind1=" " ind2=" ">
    <subfield code="0">0</subfield>
    <subfield code="1">0</subfield>
    <subfield code="2">ddc</subfield>
    <subfield code="4">0</subfield>
    <subfield code="7">0</subfield>
    <subfield code="a">SOBD</subfield>
    <subfield code="b">SOBD</subfield>
    <subfield code="d">2019-03-08</subfield>
    <subfield code="e">Vedi Books</subfield>
    <subfield code="g">495.72</subfield>
    <subfield code="l">1</subfield>
    <subfield code="o">658.403 REN-Q3</subfield>
    <subfield code="p">000441</subfield>
    <subfield code="r">2024-11-19</subfield>
    <subfield code="s">2024-11-06</subfield>
    <subfield code="t">3</subfield>
    <subfield code="w">2019-03-07</subfield>
    <subfield code="y">BK</subfield>
    <subfield code="k">1173</subfield>
  </datafield>
  <datafield tag="952" ind1=" " ind2=" ">
    <subfield code="0">0</subfield>
    <subfield code="1">0</subfield>
    <subfield code="2">ddc</subfield>
    <subfield code="4">0</subfield>
    <subfield code="7">0</subfield>
    <subfield code="a">SOBD</subfield>
    <subfield code="b">SOBD</subfield>
    <subfield code="d">2019-03-08</subfield>
    <subfield code="e">Vedi Books</subfield>
    <subfield code="g">495.72</subfield>
    <subfield code="l">1</subfield>
    <subfield code="o">658.403 REN-Q4</subfield>
    <subfield code="p">000442</subfield>
    <subfield code="r">2024-04-10</subfield>
    <subfield code="s">2024-03-27</subfield>
    <subfield code="t">4</subfield>
    <subfield code="w">2019-03-07</subfield>
    <subfield code="y">BK</subfield>
    <subfield code="k">1173</subfield>
  </datafield>
</record>
